বাংলাদেশ : (Record no. 62303)
[ view plain ]
| 000 -LEADER | |
|---|---|
| fixed length control field | 01361nam a2200229 a 4500 |
| 001 - CONTROL NUMBER | |
| control field | 62303 |
| 003 - CONTROL NUMBER IDENTIFIER | |
| rucl marc code | BD-RjUL |
| 005 - DATE AND TIME OF LATEST TRANSACTION | |
| control field | 20211209081052.0 |
| 008 - FIXED-LENGTH DATA ELEMENTS--GENERAL INFORMATION | |
| fixed length control field | 170615s1972 bg a ben | |
| 035 ## - SYSTEM CONTROL NUMBER | |
| System control number | (BD-RjUL)62429 |
| 040 ## - CATALOGING SOURCE | |
| Original cataloging agency | BD-RjUL |
| Language of cataloging | ben/eng |
| Modifying agency | BD-RjUL |
| Transcribing agency | BD-RjUL |
| 041 ## - LANGUAGE CODE | |
| Language code of text/sound track or separate title | ben |
| 082 ## - DEWEY DECIMAL CLASSIFICATION NUMBER | |
| Edition number | 23 |
| Classification number | 954.9205 |
| Author mark and year | BAB 1972 |
| 110 ## - MAIN ENTRY--CORPORATE NAME | |
| Corporate name or jurisdiction name as entry element | বাংলাদেশ। |
| Subordinate unit | তথ্য ও বেতার মন্ত্রণালয় |
| 9 (RLIN) | 219337 |
| 245 10 - TITLE STATEMENT | |
| Title | বাংলাদেশ : |
| Remainder of title | প্রথম বিজয় দিবস বার্ষিকী উপলক্ষে স্মারক গ্রন্থ ১৬ই ডিসেম্বর ১৯৭২ / |
| Statement of responsibility, etc. | বাংলাদেশ। তথ্য ও বেতার মন্ত্রণালয় ; সম্পাদনা সংসদ : সৈয়দ আলী আহসান ... [এবং অন্যান্য] |
| 260 ## - PUBLICATION, DISTRIBUTION, ETC. (IMPRINT) | |
| Place of publication, distribution, etc. | [ঢাকা] : |
| Name of publisher, distributor, etc. | তথ্য ও বেতার মন্ত্রণালয় |
| Date of publication, distribution, etc. | ১৯৭২ |
| 300 ## - PHYSICAL DESCRIPTION | |
| Pagination | ১৩১ পৃ. : |
| Illustrations | চিত্র ; |
| Size | ২৭ সেমি. |
| 650 ## - SUBJECT ADDED ENTRY--TOPICAL TERM | |
| Topical term or geographic name as entry element | বাংলাদেশ |
| Form subdivision | ইতিহাস |
| 9 (RLIN) | 218971 |
| Topical term or geographic name as entry element | Bangladesh |
| Form subdivision | History |
| 9 (RLIN) | 218972 |
| 700 ## - ADDED ENTRY--PERSONAL NAME | |
| Personal name | আহসান, সৈয়দ আলী ... [এবং অন্যান্য], সম্পাদনা সংসদ |
| 942 ## - ADDED ENTRY ELEMENTS (KOHA) | |
| Source of classification or shelving scheme | Dewey Decimal Classification |
| Koha item type | Rare Books |
| Lost status | Source of classification or shelving scheme | Damaged status | Not for loan | Collection code | Permanent Location | Current Location | Shelving location | Date acquired | Source of acquisition | Total Checkouts | Full call number | Date last seen | Copy number | Koha item type |
|---|---|---|---|---|---|---|---|---|---|---|---|---|---|---|
| Dewey Decimal Classification | Not For Loan | Rare Books | Central Library, University of Rajshahi | Central Library, University of Rajshahi | Rare Book Section | 18/05/1974 | N/A | BRA 954.9205 BAN 1972 | 15/06/2017 | C-1 | Rare Books | |||
| Dewey Decimal Classification | Not For Loan | Rare Books | Central Library, University of Rajshahi | Central Library, University of Rajshahi | Reading Room | 18/05/1974 | N/A | BRA 954.9205 BAB 1972 | 29/10/2017 | C-2 | Rare Books | |||
| Dewey Decimal Classification | Not For Loan | Rare Books | Central Library, University of Rajshahi | Central Library, University of Rajshahi | Rare Book Section | 18/05/1974 | Bangladesh Govt. | BRA 954.9205 BAB 1972 | 29/09/2021 | C-3 | Rare Books |